000 00632nam a2200229Ia 4500
003 OSt
005 20221007070746.0
006 a|||||r|||| 00| 0
007 ta
008 221006b |||||||| |||| 00| 0 eng d
024 _a29,988
037 _cTextual
040 _aFLL
_cFLL
_beng
041 _2eng
_aeng
082 _aZ1, P7
100 _aKonig Doris
_9687656
245 0 _aInternational law today
_b new challenges and the need for reform?
260 _aHeidelberg
_bSpringer Berlin New York
_c2007
300 _aviii,260p
_ccm.
942 _hZ1, P7
_cTEXL
_2CC
999 _c1141459
_d1141459